=LDR 00000nam 2200000 4500 =001 INLIS000000000037079 =005 20200227062809 =035 ##$$a 0010-061300000037079 =008 200227################g##########0#ind## =041 ##$$a Ind =082 ##$$a 155.412 =090 ##$$a 155.412, Tan b =100 ##$$a Tandry, Novita =245 1#$$a Bad behaviour tantrums, and tempers /$c Novita Tandry =260 ##$$a Jakarta :$b Elex Media Komputindo,$c 2010 =300 ##$$a viii, 189 hlm, ; $c 21 x 14 cm. =650 #4$$a Psikologi anak =850 ##$$a NBPNMAT =020 ##$$a 978-979-27-7791-8 =084 ##$$a 155.412 TAN b =990 ##$$a 21102771 =990 ##$$a 21102770